Cooperación económica para Centroamérica
El proceso de paz centroamericano necesita no solo ayuda económica para llevar a cabo los planes estipulados para tal fin, sino también una buena dosis de voluntad e interés político por parte de los países de la región. De esta forma, será viable aumentar nuestras posibilidades de desarrollo y pode...
Guardat en:
| Format: | Text |
|---|---|
| Matèries: | |
| Etiquetes: |
Afegir etiqueta
Sense etiquetes, Sigues el primer a etiquetar aquest registre!
|
MARC
| LEADER | 00000 a a2200000 04500 | ||
|---|---|---|---|
| 001 | 2790 | ||
| 003 | |||
| 040 | |||
| 245 | |a Cooperación económica para Centroamérica | ||
| 520 | |a El proceso de paz centroamericano necesita no solo ayuda económica para llevar a cabo los planes estipulados para tal fin, sino también una buena dosis de voluntad e interés político por parte de los países de la región. De esta forma, será viable aumentar nuestras posibilidades de desarrollo y poder cubrir la deuda externa que tanto está acosando a nuestra región. OB/EL | ||
| 650 | |a AYUDA ECONOMICA | ||
| 650 | |a PLANES DE PAZ | ||
| 650 | |a OEA | ||
| 650 | |a ONU | ||
| 650 | |a CEE | ||
| 650 | |a PAISES EN DESARROLLO | ||
| 650 | |a PAISES DESARROLLADOS | ||
| 650 | |a COOPERACION INTERNACIONAL | ||
| 650 | |a DEUDA EXTERNA | ||
| 650 | |a DEMOCRATIZACION | ||
| 773 | |g número 5; páginas 5-9 | ||
| 999 | |c 22555 |d 22555 | ||
